Quantitative analysis for management /

Na minha lista:
Detalhes bibliográficos
Autor principal: Bonini, Charles P.
Formato: Livro
Idioma:English
Publicado em: Chicago : Irwin, 1997.
Edição:9th edition.
Assuntos:
Tags: Adicionar Tag
Sem tags, seja o primeiro a adicionar uma tag!
Thư viện lưu trữ: Mạng thư viện Đại học Đà Nẵng
LEADER 01242cam a2200385 i 4500
001 000046306
003 5768
005 20180115135915.0
008 010220b1997 vm 000 eng
020 |a 0256140219 
040 |a LRCC  |c LRCC  |d LRCC 
041 0 |a eng 
082 1 4 |a 658.4033  |b BO-C 
100 1 |a Bonini, Charles P. 
245 0 0 |a Quantitative analysis for management /  |c Charles P. Bonini. 
250 |a 9th edition. 
260 |a Chicago :  |b Irwin,  |c 1997. 
300 |a xi, 540p. :  |b ill. 
630 0 4 |a Management. 
630 0 4 |a Industrial management. 
650 0 4 |a Management  |x Problems, exercises, etc. 
650 0 4 |a Industrial management  |x Mathematical models. 
650 0 4 |a Decision making  |x Mathematical models. 
OWN |a DUT 
AVA |a UDN50  |b DUT  |c Book  |d 658.4033 BO-C  |e available  |t Error 5001 Not defined in file expand_doc_bib_avail.  |f 1  |g 0  |h N  |i 0  |j SH  |k 1 
999 |a From the UDN01 
AVA |a UDN50  |b DUT  |c Book  |d 658.4033 BO-C  |e available  |t Error 5001 Not defined in file expand_doc_bib_avail.  |f 1  |g 0  |h N  |i 0  |j SH  |k 1 
TYP |a Monograph 
TYP |a Printed language 
980 |a Mạng thư viện Đại học Đà Nẵng